000 00553nam a2200181Ia 4500
003 GCL
008 140319s9999 xx 000 0 ara d
040 _aGCL /
_cGCL
082 0 4 _a327.11
_bهـ ب
100 1 _aهشام العوضى
245 1 0 _aالبعد الرابع لازمة الخليج /
_cهشام العوضى
260 _a[S.N] :
_bمركز ابن خلدون للدراسات الانمائية ،
_c1992
300 _a110 ص
490 _a
650 0 4 _aالشرق الاوسط
650 0 4 _aحرب الصحراء
942 _2ddc
_cBK
999 _c44256
_d44256